000 00701nam a2200253 i 4500
001 C2-0016132
003 PPAK
005 20190630221937.0
008 970201s1990 enka|||| ||||| | eng d
020 _a0712636013
040 _aPPAK
_beng
_cPPAK
_erda
082 0 4 _a574.526420913
_223
090 0 0 _a574.526420913
_bDAL
_dR
100 1 _aDalton, Stephen,
_eauthor
245 1 0 _aVanishing paradise
264 1 _aLondon :
_bCentury Hutchinson ,
_c1990
300 _a176 pages :
_bcolour illustrations ;
_c30 cm
336 _2rdacontent
_atext
337 _2rdamedia
_aunmediated
338 _2rdacarrier
_avolume
650 1 0 _aRain forests - Pictorial works
700 _eauthor
942 _ddc
_cB
999 _c3842
_d3842